MESTSKÁ KNIŽNICA GIRALTOVCE  - online katalóg 

Normal view MARC view

Entry Personal Name

Number of records used in: 1

001 - CONTROL NUMBER

  • control field: 5508

003 - CONTROL NUMBER IDENTIFIER

  • control field: OSt

005 - DATE AND TIME OF LATEST TRANSACTION

  • control field: 20260506091537.0

008 - FIXED-LENGTH DATA ELEMENTS

  • fixed length control field: 260506|| aca||aabn | a|a d

040 ## - CATALOGING SOURCE

  • Original cataloging agency: OSt
  • Transcribing agency: OSt

100 ## - HEADING--PERSONAL NAME

  • Personal name: Špitzerová, Dalma,
  • Dates associated with a name: 1925-2021

670 ## - SOURCE DATA FOUND

  • Source citation: Work cat.: (OSt)0: Coddington, Andrea, 1975- aut 4543, Moje javisko Svet

Powered by Koha